000
00310nam a2200109Ia 4500
008
200302s9999 xx 000 0 und d
100
_a
Thomas Obermeyer
245
_a
Architectural Drafting Residential and Commercial Indian Edition
260
_b
Mcgraw Hill Eduction Pvt. Ltd.
260
_c
2014
300
_a
296 P
999
_c
4238
_d
4238